Introduction to local area networks (Record no. 41113)

MARC details
000 -LEADER
fixed length control field 00324nam a2200133Ia 4500
050 ## - CALL MARK
Classification number TK 5105.7 .I587/
245 #0 - TITLE STATEMENT
Title Introduction to local area networks
260 ## - PUBLICATION, DISTRIBUTION, ETC. (IMPRINT)
Name of publisher Digital Equipment Corp.
260 ## - PUBLICATION, DISTRIBUTION, ETC. (IMPRINT)
Year of publication 1982
300 ## - PHYSICAL DESCRIPTION
Number of Pages 159 p
942 ## - ADDED ENTRY ELEMENTS (KOHA)
Koha item type Books
Holdings
Withdrawn status Lost status Source of classification or shelving scheme Damaged status Not for loan Permanent Location Current Location Shelving location Date acquired Accession Number Price effective from Koha item type
    Library of Congress Classification     NILE UNIVERSITY OF NIGERIA - MAIN LIBRARY NILE UNIVERSITY OF NIGERIA - MAIN LIBRARY Items on shelf 06/03/2025 0009731 06/03/2025 Books
    Library of Congress Classification     NILE UNIVERSITY OF NIGERIA - MAIN LIBRARY NILE UNIVERSITY OF NIGERIA - MAIN LIBRARY Items on shelf 06/03/2025 0009732 06/03/2025 Books